000 00517nam a2200193 a 4500
001 1768888605238
003 YourLibrary
005 20260120141446.0
008 260120s1951##################000#0#eng##
020 _a9780415264426
082 0 4 _a303.482
_bJAQ
100 1 _aJaques, Elliott,
_eauthor.
245 1 0 _aThe Changing Culture of a Factory :
260 _bPsychology Press,
_c1951.
300 _a366 pages
650 0 _aBusiness & Economics.
942 _cENGLISH
040 _aYourLibrary
_beng
_cYourLibrary
999 _c608636
_d608636